00746nam a2200157 a 450000100100000000500170001000800410002704000250006808200230009324500980011626000630021430000220027750000730029995201990037299900170057100004639220201002052834.0150807s2002 dr 000 0 spa d aDO-SdBNPbspacBNPHU axxxxxxxxbxxxxxxxx00aPoemas y biografía de Salomé Ureña de Henríquez /ccompilador Tomás Castro Burdiez. aSanto Domingo, República Dominicana, :bEducarte,c2002. a32 p. : ;c21 cm. aIncluye referencias bibliográficas y notas al pie de las páginas 0010718PDaPDbPDcHDd2015-08-07iLF1l0oxxxxxxxx xxxxxxxxp46392-10r2020-06-25w2020-06-25yLFPDzPerteneció a la biblioteca personal de Chiqui Vicioso / Fidelio Despradel.ZNo se presta c45881d45881